James Avery Filmography - Statistics

General Stats
  • This quiz has been taken 10 times
    6 since last reset
  • The average score is 3 of 208
Answer Stats
Type Year Name % Correct
TV Show 1990-1996 The Fresh Prince of Bel-Air
67%
TV Show 2004 Charmed
33%
TV Show 1999 Family Law
33%
TV Show 1993 Family Matters
33%
TV Show 2012 Grey's Anatomy
33%
TV Show 2003 Reba
33%
TV Show 1987-1993 Teenage Mutant Ninja Turtles
33%
Film 1998 12 Bucks
0%
Award Show 2002 2002 Trumpet Awards
0%
TV Show 1988 227
0%
Film 1986 8 Million Ways to Die
0%
TV Show 1995 ABC Weekend Special
0%
Short Film 2005 A Christmas Wish
0%
TV Show 1989 A Different World
0%
TV Film 1994 A Friend to Die For
0%
Film 1999 After Romeo
0%
Documentary Series 2005 A History of Black Achievement in America
0%
TV Show 1994 Aladdin
0%
TV Show 2003 All About the Andersons
0%
TV Show 2003, 2004 All of Us
0%
TV Show 1986 Amazing Stories
0%
TV Show 1986-1989 Amen
0%
Documentary Series 1993, 1994 American Experience
0%
TV Show 1994 An Evening at the Improv
0%
TV Film 1984 Antony and Cleopatra
0%
Theater 2005 Applause
0%
Film 1985 Appointment with Fear
0%
TV Show 1989 A Pup Named Scooby-Doo
0%
Film 1991 Beastmaster 2: Through the Portal of Time
0%
TV Show 1988 Beauty and the Beast
0%
Video Game 2006 Biker Mice from Mars
0%
Theater 1984 Billy
0%
TV Show 1984, 1985 Brothers
0%
Film 2000 Bud, Not Buddy
0%
TV Show 2000 Bull
0%
TV Show 1985 Cagney & Lacey
0%
TV Film 2013 Call Me Crazy: A Five Film
0%
TV Show 1990 Capital News
0%
TV Show 1996-1997 Captain Simian & the Space Monkeys
0%
Film 2001 Chasing Sunsets
0%
TV Show 1986 Chuck Norris: Karate Kommandos
0%
TV Film 1986 Condor
0%
TV Film 1987 Conspiracy: The Trial of the Chicago 8
0%
TV Show 2003 Crossing Jordan
0%
TV Show 2000 CSI: Crime Scene Investigation
0%
TV Show 2015 Da Jammies
0%
TV Show 1988 Dallas
0%
TV Film 2000 Dancing in September
0%
Film 2006 Danika
0%
Film 1987 Deadly Daphne's Revenge
0%
Commercial 2005 Desex in the City
0%
TV Show 2000, 2002 Dharma & Greg
0%
Video Game 1995 Disney's Animated Storybook: The Lion King
0%
Film 2007 Divine Intervention
0%
Film 2001 Dr. Dolittle 2
0%
TV Show 1994, 1996 Duckman: Private Dick/Family Man
0%
TV Show 2008 Eli Stone
0%
TV Film 2001 Epoch
0%
TV Show 1997 Extreme Ghostbusters
0%
Film 1986 Extremities
0%
TV Show 1984 Fist of the North Star
0%
Film 1986 Fist of the North Star
0%
Film 1985 Fletch
0%
TV Show 1989-1990 FM
0%
TV Show 1999 For Your Love
0%
TV Film 1989 Full Exposure: The Sex Tapes Scandal
0%
TV Show 1996 Gargoyles
0%
TV Show 1985 George Burns Comedy Week
0%
TV Show 2004 Girlfriends
0%
TV Film 2013 Go, Bolivia, Go!
0%
TV Show 1984 Going Bananas
0%
TV Show 1997 Going Places
0%
Film 2004 Hair Show
0%
TV Show 1997 Happily Ever After: Fairy Tales for Every Child
0%
TV Show 1984 Hardcastle and McCormick
0%
TV Show 2012 Harry's Law
0%
TV Film 1994 Hart to Hart: Old Friends Never Die
0%
TV Pilot 1988 Heart and Soul
0%
TV Show 1984 Hill Street Blues
0%
Short Film 2008 His Good Will
0%
Film 2001 Honeybee
0%
TV Show 1985-1986 Hulk Hogan's Rock 'n' Wrestling
0%
TV Film 2013 Hunt for the Labyrinth Killer
0%
TV Show 1996, 1998 In the House
0%
Documentary Series 2000 Intimate Portrait
0%
TV Show 1994 Iron Man
0%
TV Show 1987 Jake and the Fatman
0%
TV Pilot 1987 Jake's M.O.
0%
TV Show 2002 Judging Amy
0%
Commercial 2009 Kaplan University
0%
TV Film 1985 Kicks
0%
Video Game 2011 Kinect Disneyland Adventures
0%
TV Pilot 1999 King's Pawn
0%
TV Show 1988-1992 L.A. Law
0%
TV Film 1984 Laugh Busters
0%
Short Film 2008 Leave with It
0%
TV Show 1984 Legmen
0%
Film 2005 Lethal Eviction
0%
Film 2010 Let the Game Begin
0%
Film 1988 License to Drive
0%
Film 1993 Little Miss Millions
0%
TV Show 2005 Living with Fran
0%
Short Film 1996 Magic and Mystery
0%
TV Show 1985 Moonlighting
0%
TV Show 1995 Murder One
0%
TV Show 2005 My Wife and Kids
0%
TV Film 2002 Nancy Drew
0%
TV Show 1983 Newhart
0%
TV Show 1990 Night Court
0%
Film 1987 Nightflyers
0%
TV Film 2006 Nobody's Watching
0%
Short Film 2010 Not Your Time
0%
TV Show 2004 NYPD Blue
0%
TV Show 2000 One World
0%
Theater 2005 Othello
0%
Film 1999 Out in Fifty
0%
TV Show 1998-2000 Pepper Ann
0%
TV Show 2002 Philly
0%
TV Show 1996 Quack Pack
0%
Film 2004 Raise Your Voice
0%
TV Show 1986 Rambo: The Force of Freedom
0%
TV Show 1992 Reading Rainbow
0%
Film 2006 Restraining Order
0%
TV Show 1992 Roc
0%
TV Film 1989 Roe vs. Wade
0%
Theater 2001 Romeo and Juliet
0%
TV Film 1986 Samaritan: The Mitch Snyder Movie
0%
TV Show 1985 Scarecrow and Mrs. King
0%
TV Show 2009 Sherri
0%
Film 1991 Shout
0%
TV Show 1983, 1984 Simon & Simon
0%
Theater 1980 Sizwe Banzi Is Dead
0%
TV Show 1988 Sonny Spoon
0%
TV Show 2001, 2002, 2003 Soul Food
0%
TV Mini-Series 1985 Space
0%
TV Show 1996-1998 Sparks
0%
TV Show 1984 Spencer
0%
TV Show 1996 Spider-Man: The Animated Series
0%
Film 1997 Spirit Lost
0%
Video Game 1989 Splash Mountain
0%
TV Show 2005 Star Trek: Enterprise
0%
TV Show 1985, 1986 St. Elsewhere
0%
Film 2009 Steppin: The Movie
0%
Film 1985 Stoogemania
0%
TV Show 1985 Street Hawk
0%
TV Show 2003 Street Smarts
0%
Short Film 2010 Stride
0%
TV Show 2001 Strong Medicine
0%
TV Film 1986 Sunday Drive
0%
TV Show 1984 SuperFriends: The Legendary Super Powers Show
0%
TV Show 1988 Superman
0%
Theater 2006 Sweet Mercy
0%
TV Show 2006 Take 3
0%
TV Show 1983 Tales of the Gold Monkey
0%
TV Film 1991 Teenage Mutant Ninja Turtles II: The Secret of the Ooze
0%
TV Show 2004 That '70s Show
0%
TV Show 2004 That's So Raven
0%
TV Film 1998 The Advanced Guard
0%
TV Show 1985 The A-Team
0%
Film 1980 The Blues Brothers
0%
Film 1995 The Brady Bunch Movie
0%
TV Show 2005-2007 The Closer
0%
TV Show 2002-2003 The Division
0%
TV Show 1984 The Dukes of Hazzard
0%
Film 1986 The Eleventh Commandment
0%
Film 2010 The Grind
0%
Documentary 2004 The Guerrero Project
0%
Documentary 2005 The History Makers
0%
Theater 1981 The Island
0%
TV Show 2001 The Jamie Foxx Show
0%
TV Show 1983 The Jeffersons
0%
TV Show 1989 The Karate Kid
0%
Film 1986 The Ladies Club
0%
TV Show 1991-1993 The Legend of Prince Valiant
0%
TV Show 2001 The Legend of Tarzan
0%
Film 1991 The Linguini Incident
0%
TV Show 1986 The Magical World of Disney
0%
Theater 1980 The Merry Wives of Windsor
0%
TV Show 1984 The New Scooby-Doo Mysteries
0%
TV Show 2001-2002 The Nightmare Room
0%
Film 1998 The Prince of Egypt
0%
TV Show 2011 The Problem Solverz
0%
TV Show 2001 The Proud Family
0%
TV Show 1986, 1987, 1989 The Real Ghostbusters
0%
Film 1980 The Stunt Man
0%
Film 2005 The Third Wish
0%
TV Show 1998 The Wild Thornberrys
0%
TV Show 2002 The Wonderful World of Disney
0%
TV Show 2012 The Young and the Restless
0%
TV Show 2011 Things We Do for Love
0%
Film 2006 Think Tank
0%
Film 1987 Three for the Road
0%
TV Film 1987 Timestalkers
0%
TV Film 1990 To My Daughter
0%
TV Film 1989 Turn Back the Clock
0%
TV Show 2000 Two Guys and a Girl
0%
Theater 2007 Two Trains Running
0%
Short Film 2012 Valediction
0%
TV Show 1987, 1989 Valerie
0%
TV Show 1999 Vengeance Unlimited
0%
TV Show 1984 Webster
0%
Theater 1989 West Memphis Mojo
0%
Film 2005 Wheelmen
0%
TV Show 1992 Where in the World Is Carmen Sandiego?
0%
Film 2007 Who's Your Caddy?
0%
Film 2014 Wish I Was Here
0%
TV Film 1993 Without Warning: Terror in the Towers
0%
TV Film 1998 You Lucky Dog
0%
No matching quizzes found
Score Distribution
Percent of People with Each Score
Percentile by Number Answered
Your Score History
You have not taken this quiz since the last reset